Catalog

Record Details

Catalog Search



The vision of Escaflowne. #5 / by Katsu Aki ; ... Read More

Katsu, Aki.(Author).

Available copies

  • 1 of 1 copy available at LARL/NWRL Consortium.
  • 1 of 1 copy available at Lake Agassiz Regional Library. (Show preferred library)

Current holds

0 current holds with 1 total copy.

Show Only Available Copies
Location Call Number / Copy Notes Barcode Shelving Location Status Due Date
Moorhead Public Library Y G Aki (Text) 33500008283996 Main Available -

Record details

  • ISBN: 1591824508 (pbk.) :
  • Physical Description: 180 p. : chiefly ill. ; 19 cm.
  • Publisher: Los Angeles : TokyoPop, c2004

Content descriptions

General Note:
"This book is printed "manga-style," in the authentic Japanese right-to-left format."
First published in Japan in 1996 by Kadokawa Shoten Publishing.
Translation, Jeremiah Bourque ; English adaptation, Lianne Sentar.
Target Audience Note:
Older teen age 16+.
Subject: Fantasy comic books, strips, etc. > Japan.
Animation (Cinematography) > Japan > Fiction.
Genre: Graphic novels.
Comic books, strips, etc.
Young adult fiction.
LDR 01546cam a2200385Ia 4500
00141400
003LARL_NWRL_CONSORTIUM
00520040602112006.0
008040407s2004 caua d 000 0 eng d
020 . ‡a1591824508 (pbk.) : ‡c$9.99
0243 . ‡a9781591824503
035 . ‡a(OCoLC)54898651
0411 . ‡aeng ‡hjpn
0920 . ‡a741.5/952 ‡222
099 . ‡aAki
1001 . ‡aKatsu, Aki. ‡0(LARL_NWRL_CONSORTIUM)193923
24514. ‡aThe vision of Escaflowne. ‡n#5 / ‡cby Katsu Aki ; original concept by Hajime Yatate, Shoji Kawamori (Studio Nue).
24630. ‡aEscaflowne, ‡nVol. 5
260 . ‡aLos Angeles : ‡bTokyoPop, ‡cc2004
300 . ‡a180 p. : ‡bchiefly ill. ; ‡c19 cm.
4900 . ‡aVision of Escaflowne ; ‡v5
500 . ‡a"This book is printed "manga-style," in the authentic Japanese right-to-left format."
500 . ‡aFirst published in Japan in 1996 by Kadokawa Shoten Publishing.
500 . ‡aTranslation, Jeremiah Bourque ; English adaptation, Lianne Sentar.
521 . ‡aOlder teen age 16+.
650 0. ‡aFantasy comic books, strips, etc. ‡zJapan.
655 0. ‡aGraphic novels.
655 7. ‡aComic books, strips, etc. ‡2gsafd
655 0. ‡aYoung adult fiction.
650 0. ‡aAnimation (Cinematography) ‡zJapan ‡vFiction.
901 . ‡a41400 ‡bOCLC ‡c41400 ‡tbiblio

Additional Resources